Η τέχνη του ηθοποιού στον κινηματογράφο : ένας κύκλος μαθημάτων του κρατικού κινηματογραφικού ινστιτούτου της Μόσχας

Αποθηκεύτηκε σε:
Λεπτομέρειες βιβλιογραφικής εγγραφής
Κύριος συγγραφέας: Pudovkin, Vsevolod Illarionovich, 1893-1953
Μορφή: Βιβλίο
Γλώσσα:Greek
Russian
Δημοσίευση: Αθήνα : Παρασκήνιο, 1996.
Έκδοση:2η έκδ.
Θέματα:
Ετικέτες: Προσθήκη ετικέτας
Δεν υπάρχουν, Καταχωρήστε ετικέτα πρώτοι!

MARC

LEADER 00000cam a2200000 i 4500
001 1/82918
008 050803s1996 gr | ||| |||| ||gre||
035 |l 10079644 
040 |a GR-MY-UA  |b gre  |e aacr 
041 1 |a gre  |h rus 
082 7 |a 791.43028   |2 (21) 
100 1 |a Pudovkin, Vsevolod Illarionovich,   |d 1893-1953. 
245 1 2 |a Η τέχνη του ηθοποιού στον κινηματογράφο :   |b ένας κύκλος μαθημάτων του κρατικού κινηματογραφικού ινστιτούτου της Μόσχας /   |c Βεσεβολόντ Πουντόβκιν ; πρόλογος - μετάφραση Νίκος Γκούρας. 
250 |a 2η έκδ. 
260 |a Αθήνα :   |b Παρασκήνιο,   |c 1996. 
300 |a 110 σ. ;   |c 21 εκ. 
650 0 |a Motion picture acting. 
852 |a INST  |b LESVOS  |e 20050803  |h 791.43028 PUD  |p 005100031751  |q 005100031751  |t BK  |y 0 
852 |a INST  |b LESVOS  |e 20081124  |h 791.43028 PUD  |p 005100044222  |q 005100044222  |t BK  |y 0 
852 |a INST  |b LESVOS  |e 20110707  |h 791.43028 PUD  |p 005100050224  |q 005100050224  |t BK  |y 0 
852 |a INST  |b LESVOS  |e 20110707  |h 791.43028 PUD  |p 005100050234  |q 005100050234  |t BK  |y 0 
852 |a INST  |b SYROS  |e 20101125  |h 791.43028 PUD  |p 005500009467  |q 005500009467  |t BK  |y 0 
901 |a BIBL5-2010-3 
901 |a BIBL-1998-3 
901 |a BIBL1-2005-2 
901 |a BIBL1-2008-3 
901 |a BIBL1-2011-2 
970 |a Καρά  |b Γιασεμή  |z 03/08/2005